| 000 | 00564nam a22001695i 4500 | ||
|---|---|---|---|
| 001 | 156677 | ||
| 003 | ES-MaACL | ||
| 005 | 20230906210454.0 | ||
| 008 | 040803s1851 gw |||| | ger d | ||
| 040 |
_aCAM _bspa _cCAM |
||
| 100 | 1 |
_aKrause, Karl Christian Friedrich. _968762 |
|
| 245 | 1 | 0 |
_aDas Urbild der Menschheit / _cEin Versuch von Karl Christian Friedrich Krause. |
| 250 | _a2. unveränderte Ausg. | ||
| 260 |
_aGöttingen : _bin der Dieterichschen Buchjandlung, _c1851. |
||
| 300 |
_aXV, 336 p. ; _c21 cm. |
||
| 852 |
_aES-MaACL _jG-2883 _z-- Enc. hol. |
||
| 999 |
_c156677 _d156677 |
||